[Event "Spring Swiss"]
[Site "Winnipeg CAN"]
[Date "2002.03.23"]
[Round "2.10"]
[White "Curtis, Rory"]
[Black "Trueman, Francis"]
[Result "1-0"]
[WhiteElo "1695"]
[BlackElo "1457"]
[PlyCount "59"]
[EventDate "2002.03.22"]
[EventType "swiss"]
[EventRounds "5"]
[EventCountry "CAN"]

1. e4 g6 2. d4 d6 3. c4 Bg7 4. Nc3 Nd7 5. f4 Nh6 6. Nf3 c6 7. Be2 O-O 8. O-O
Qb6 9. Kh1 c5 10. d5 f5 11. e5 dxe5 12. fxe5 Nxe5 13. Nxe5 Qd6 14. Nd3 Nf7 15.
Bf4 Qf6 16. Nxc5 g5 17. Bg3 f4 18. Bg4 Bxg4 19. Qxg4 Ne5 20. Qe2 Qd6 21. N3e4
Qh6 22. Be1 g4 23. Bd2 Rf5 24. Ne6 Qh4 25. Bxf4 Rxf4 26. Rxf4 Bh8 27. Raf1 Ng6
28. Qxg4 Qh6 29. Rf8+ Rxf8 30. Rxf8+ 1-0

[Event "Spring Swiss"]
[Site "Winnipeg CAN"]
[Date "2002.03.23"]
[Round "2.11"]
[White "Shome, Devarshi"]
[Black "Hanrahan, Nigel"]
[Result "1-0"]
[WhiteElo "1336"]
[BlackElo "1682"]
[PlyCount "65"]
[EventDate "2002.03.22"]
[EventType "swiss"]
[EventRounds "5"]
[EventCountry "CAN"]

1. e4 c6 2. d4 d5 3. Nc3 dxe4 4. Nxe4 Nf6 5. Nxf6+ exf6 6. Nf3 Bf5 7. Bd3 Bxd3
8. Qxd3 Be7 9. O-O O-O 10. Re1 g6 11. Bd2 Re8 12. Re2 Na6 13. Rae1 Nc7 14. c4
Qd7 15. Bc3 Kg7 16. h3 Bd6 17. d5 Rxe2 18. Rxe2 cxd5 19. Bxf6+ Kg8 20. Ne5 dxc4
21. Qxc4 Bxe5 22. Bxe5 Ne6 23. Bc3 Rc8 24. Qe4 Qb5 25. a4 Qc4 26. Qe5 Kf8 27.
Qd6+ Ke8 28. Bb4 Qc1+ 29. Re1 Qc7 30. Qf8+ Kd7 31. Qe7+ Kc6 32. Rxe6+ fxe6 33.
Qxe6+ 1-0

[Event "Spring Swiss"]
[Site "Winnipeg CAN"]
[Date "2002.03.23"]
[Round "3.1"]
[White "Kaptsan, Aron"]
[Black "Harding, Mike"]
[Result "1-0"]
[WhiteElo "2134"]
[BlackElo "1833"]
[PlyCount "71"]
[EventDate "2002.03.22"]
[EventType "swiss"]
[EventRounds "5"]
[EventCountry "CAN"]

1. d4 Nf6 2. c4 g6 3. Nc3 Bg7 4. e4 d6 5. Be2 O-O 6. Nf3 e5 7. O-O Nc6 8. d5
Ne7 9. Ne1 Ne8 10. Be3 f5 11. f3 f4 12. Bf2 Nf6 13. Nd3 g5 14. Rc1 Bd7 15. c5
h5 16. Qb3 Ng6 17. c6 Rf7 18. cxd7 g4 19. Rc2 Bh6 20. Nb5 Rxd7 21. Rfc1 g3 22.
hxg3 fxg3 23. Bxg3 Bxc1 24. Rxc1 h4 25. Bf2 Nh5 26. Be3 Ng3 27. Bf1 Rh7 28. Nf2
a6 29. Nc3 Qf8 30. Nh3 Nf4 31. Bxf4 Nxf1 32. Rxf1 exf4 33. Ne2 Rf7 34. Nd4 Kh8
35. Qc3 Qg7 36. Ne6 1-0

[Event "Spring Swiss"]
[Site "Winnipeg CAN"]
[Date "2002.03.23"]
[Round "3.2"]
[White "Federkevic, Danny"]
[Black "Khedkar, Jay"]
[Result "1/2-1/2"]
[WhiteElo "1986"]
[BlackElo "2021"]
[PlyCount "80"]
[EventDate "2002.03.22"]
[EventType "swiss"]
[EventRounds "5"]
[EventCountry "CAN"]

1. e4 c5 2. Nc3 Nc6 3. f4 d6 4. Nf3 Nf6 5. Bc4 e6 6. d3 Qc7 7. O-O Be7 8. Qe1
O-O 9. Bb3 a6 10. a4 Rb8 11. Ne2 b5 12. axb5 axb5 13. Ng3 d5 14. c3 Bb7 15. f5
c4 16. Bc2 dxe4 17. dxe4 e5 18. Bg5 Ng4 19. h3 Qb6+ 20. Kh1 Bxg5 21. Nxg5 Ne3
22. Rf2 Nxc2 23. Rxc2 Na5 24. Nh5 Nb3 25. Rd1 Rbd8 26. Rxd8 Rxd8 27. Nf3 Qh6
28. Qh4 f6 29. Re2 Nc1 30. Re1 Nd3 31. Re2 Nxb2 32. Nxf6+ Qxf6 33. Rxb2 Bc6 34.
Qg3 Rd3 35. Qxe5 Rxc3 36. Rxb5 Bxb5 37. Qxb5 Rc1+ 38. Kh2 c3 39. Qe8+ Qf8 40.
Qe6+ Qf7 1/2-1/2

[Event "Spring Swiss"]
[Site "Winnipeg CAN"]
[Date "2002.03.23"]
[Round "3.3"]
[White "Strub, Michael"]
[Black "Katona, John"]
[Result "0-1"]
[WhiteElo "1747"]
[BlackElo "1749"]
[PlyCount "58"]
[EventDate "2002.03.22"]
[EventType "swiss"]
[EventRounds "5"]
[EventCountry "CAN"]

1. d4 Nf6 2. c4 g6 3. g3 Bg7 4. Bg2 O-O 5. e4 d6 6. Ne2 Nbd7 7. O-O c5 8. h3
cxd4 9. Nxd4 Ne5 10. Qc2 Bd7 11. Be3 Qc8 12. Nd2 Bxh3 13. b4 Bxg2 14. Kxg2 Qg4
15. f3 Qd7 16. a4 Rfc8 17. a5 d5 18. c5 dxe4 19. fxe4 Nfg4 20. Bg1 Nc6 21. Nxc6
Bxa1 22. Nxa7 Rxa7 23. Rxa1 b6 24. Nc4 bxc5 25. Nb6 Qb7 26. Nxc8 Qxc8 27. Qxc5
Rc7 28. Qd4 Rc2+ 29. Kf1 Qa6+ 0-1

[Event "Spring Swiss"]
[Site "Winnipeg CAN"]
[Date "2002.03.23"]
[Round "3.4"]
[White "Mu, Yuchen"]
[Black "Pottinger, Carl"]
[Result "1-0"]
[WhiteElo "1782"]
[BlackElo "1513"]
[PlyCount "83"]
[EventDate "2002.03.22"]
[EventType "swiss"]
[EventRounds "5"]
[EventCountry "CAN"]

1. c4 c5 2. Nc3 Nf6 3. g3 d5 4. cxd5 Nxd5 5. Bg2 Nxc3 6. bxc3 Qc7 7. Nf3 g6 8.
c4 Bg7 9. Rb1 Nc6 10. O-O O-O 11. Bb2 e5 12. d3 Bf5 13. Qb3 b6 14. Bc3 Rad8 15.
Ne1 Rfe8 16. Nc2 Nd4 17. Bxd4 exd4 18. Bf3 Qd7 19. Qb5 Qe7 20. Rfe1 Bd7 21. Qb3
Qf6 22. Qa3 a5 23. Qb2 Rb8 24. Na3 h5 25. Nb5 h4 26. Nc7 h3 27. Nxe8 Bxe8 28.
Bg4 Bc6 29. Bxh3 Qd6 30. Qd2 Kh7 31. Bg2 Bxg2 32. Kxg2 f5 33. Qf4 Be5 34. Qf3
Kg7 35. Rh1 Kf6 36. h4 f4 37. h5 Rg8 38. h6 Kg5 39. h7 Rf8 40. Rh4 Kf5 41. Qg4+
Kf6 42. h8=Q+ 1-0

[Event "Spring Swiss"]
[Site "Winnipeg CAN"]
[Date "2002.03.23"]
[Round "3.5"]
[White "Rutter, Blair"]
[Black "Czarny, Keith"]
[Result "0-1"]
[WhiteElo "1598"]
[BlackElo "1734"]
[PlyCount "71"]
[EventDate "2002.03.22"]
[EventType "swiss"]
[EventRounds "5"]
[EventCountry "CAN"]

1. d4 e6 2. c4 f5 3. Nc3 Nf6 4. Nf3 Bb4 5. Bd2 O-O 6. Qc2 c5 7. O-O-O cxd4 8.
Nb5 Bxd2+ 9. Nxd2 d5 10. Nxd4 e5 11. Nxf5 Ng4 12. Nxg7 Kxg7 13. Ne4 d4 14. e3
Nc6 15. a3 Bf5 16. Bd3 Bxe4 17. Bxe4 Rxf2 18. Qd3 Nxe3 19. Rhg1 Na5 20. Bxh7
Qb6 21. b4 Naxc4 22. Rde1 Rc8 23. Kb1 Rb2+ 24. Kc1 Rc2+ 25. Kb1 Nd2+ 26. Ka1
R8c3 27. Rxe3 Rxd3 28. Bxd3 dxe3 29. Bxc2 Qd4+ 30. Ka2 e2 31. Re1 Qc4+ 32. Kb2
Nf1 33. h3 Ne3 34. Bb3 Qd4+ 35. Kb1 Nd1 36. Rxe2 0-1

[Event "Spring Swiss"]
[Site "Winnipeg CAN"]
[Date "2002.03.23"]
[Round "3.6"]
[White "Remillard, John"]
[Black "Wasney, Mark"]
[Result "1/2-1/2"]
[WhiteElo "1528"]
[BlackElo "1716"]
[PlyCount "136"]
[EventDate "2002.03.22"]
[EventType "swiss"]
[EventRounds "5"]
[EventCountry "CAN"]

1. e4 c5 2. Nf3 d6 3. d4 cxd4 4. Bb5+ Bd7 5. Bxd7+ Nxd7 6. Nxd4 Ngf6 7. Nc3 Qb6
8. O-O g6 9. Re1 Bg7 10. Ndb5 a6 11. Be3 Qa5 12. Nd4 O-O 13. a3 Rac8 14. Nb3
Qc7 15. Bd4 e6 16. Qf3 b5 17. Rad1 Nh5 18. g4 Bxd4 19. Nxd4 Ne5 20. Qe2 Nf4 21.
Qe3 g5 22. Nde2 Nc4 23. Qg3 Nxb2 24. Rb1 Nxe2+ 25. Nxe2 Nc4 26. Rbd1 Rfd8 27.
f4 Qc5+ 28. Kh1 Qxa3 29. Rd3 Qc5 30. f5 Qe5 31. Qg2 Nb2 32. Ra3 Na4 33. fxe6
fxe6 34. h4 Rxc2 35. hxg5 Qxg5 36. Rf1 Rdc8 37. Rh3 Nc3 38. Qf3 Qg7 39. Nd4 Rd2
40. Nxe6 Qe7 41. Qf5 Rd1 42. Rxd1 Nxd1 43. Rf3 b4 44. g5 Re8 45. Nc7 Rf8 46.
Qd5+ Rf7 47. Nxa6 Nc3 48. Qc4 d5 49. Qc8+ Kg7 50. Rxf7+ Kxf7 51. Qf5+ Kg7 52.
exd5 Ne2 53. Qf6+ Qxf6 54. gxf6+ Kxf6 55. Nxb4 Ke5 56. Kg2 Nc3 57. Kg3 Nxd5 58.
Nc2 Nf6 59. Kh4 Kf4 60. Na3 Kf5 61. Nc4 Kg6 62. Nd6 h5 63. Kg3 Kg5 64. Kh3 h4
65. Nf7+ Kh5 66. Ne5 Ne4 67. Kg2 Kg5 68. Nf3+ Kh5 1/2-1/2

[Event "Spring Swiss"]
[Site "Winnipeg CAN"]
[Date "2002.03.23"]
[Round "3.7"]
[White "Shome, Devarshi"]
[Black "Curtis, Rory"]
[Result "1-0"]
[WhiteElo "1336"]
[BlackElo "1696"]
[PlyCount "63"]
[EventDate "2002.03.22"]
[EventType "swiss"]
[EventRounds "5"]
[EventCountry "CAN"]

1. e4 c5 2. Nf3 Nc6 3. d4 cxd4 4. Nxd4 e5 5. Nb5 d6 6. N1c3 a6 7. Na3 Nf6 8.
Be3 Be7 9. Be2 O-O 10. O-O b5 11. Nd5 Nxe4 12. Bf3 f5 13. Nxe7+ Qxe7 14. Qd5+
Rf7 15. Bxe4 fxe4 16. Qxc6 Bb7 17. Qc3 Raf8 18. Rad1 Qf6 19. Qa5 d5 20. c3 h5
21. Nc2 h4 22. h3 Qg6 23. Qb6 Qh5 24. Nb4 Bc8 25. Kh2 Rf3 26. Nxd5 Rxh3+ 27.
gxh3 Qf3 28. Ne7+ Kh8 29. Nxc8 Qh5 30. Rd8 Rxd8 31. Qxd8+ Kh7 32. Qg5 1-0

[Event "Spring Swiss"]
[Site "Winnipeg CAN"]
[Date "2002.03.23"]
[Round "3.8"]
[White "Gannon, Keith"]
[Black "Gibbons, Lorne"]
[Result "1/2-1/2"]
[WhiteElo "1549"]
[BlackElo "1265"]
[PlyCount "119"]
[EventDate "2002.03.22"]
[EventType "swiss"]
[EventRounds "5"]
[EventCountry "CAN"]

1. e4 e6 2. d4 d5 3. exd5 exd5 4. Nf3 Bg4 5. Be2 Bd6 6. Nc3 c6 7. a3 Qc7 8. h3
Bh5 9. O-O Ne7 10. Re1 Nd7 11. b4 O-O 12. b5 c5 13. dxc5 Qxc5 14. Bb2 Rfc8 15.
Nd4 Bg6 16. Nb3 Bxc2 17. Nxc5 Bxd1 18. Nxd7 Rc7 19. Nf6+ gxf6 20. Raxd1 Rc5 21.
a4 Be5 22. Rd3 Rac8 23. Nd1 Bxb2 24. Nxb2 Rc2 25. Nd1 Ra2 26. Bg4 Rc7 27. Rg3
Kf8 28. Rc3 Rxc3 29. Nxc3 Rc2 30. Ne2 Ra2 31. Bf3 Rxa4 32. Rd1 Rb4 33. Bxd5
Rxb5 34. Bf3 a5 35. Rd8+ Kg7 36. Rd7 Nc6 37. Nd4 Nxd4 38. Rxd4 b6 39. Rd1 Rc5
40. Rb1 b5 41. Be2 b4 42. Bd1 h5 43. h4 f5 44. Bxh5 Re5 45. Bf3 f4 46. g4 fxg3
47. fxg3 Re3 48. Kf2 Re5 49. h5 Kh6 50. Rh1 b3 51. Rb1 a4 52. Bc6 Ra5 53. Bxa4
Rxa4 54. Rxb3 Kxh5 55. Kf3 Kg5 56. Rb5+ f5 57. Rb3 Rg4 58. Rb8 Kg6 59. Rg8+ Kf6
60. Rf8+ 1/2-1/2

[Event "Spring Swiss"]
[Site "Winnipeg CAN"]
[Date "2002.03.23"]
[Round "3.9"]
[White "Kohalmi, Andy"]
[Black "Verch, Graham"]
[Result "0-1"]
[WhiteElo "1656"]
[BlackElo "1367"]
[PlyCount "68"]
[EventDate "2002.03.22"]
[EventType "swiss"]
[EventRounds "5"]
[EventCountry "CAN"]

1. e4 e5 2. Nf3 Nc6 3. Bb5 Nf6 4. O-O Bc5 5. d3 d6 6. h3 a6 7. Ba4 b5 8. Bb3
O-O 9. a4 Bb7 10. Nc3 b4 11. Nd5 Nxd5 12. Bxd5 a5 13. Bg5 Qd7 14. Qd2 Kh8 15.
Kh1 Rab8 16. Nh4 f6 17. Be3 Bxe3 18. Qxe3 Nd4 19. Qd2 Bxd5 20. exd5 Rbc8 21. b3
c6 22. dxc6 Rxc6 23. Ra2 Rfc8 24. Rc1 Qc7 25. Nf3 Nxb3 26. cxb3 Rxc1+ 27. Kh2
Rc2 28. Rxc2 Qxc2 29. d4 Qxd2 30. Nxd2 exd4 31. Kg3 d5 32. Kf3 Re8 33. g4 g6
34. Kf4 Re2 0-1

[Event "Spring Swiss"]
[Site "Winnipeg CAN"]
[Date "2002.03.24"]
[Round "4.1"]
[White "Khedkar, Jay"]
[Black "Kaptsan, Aron"]
[Result "1/2-1/2"]
[WhiteElo "2021"]
[BlackElo "2134"]
[PlyCount "24"]
[EventDate "2002.03.22"]
[EventType "swiss"]
[EventRounds "5"]
[EventCountry "CAN"]

1. e4 e5 2. f4 d5 3. exd5 exf4 4. Nf3 Qxd5 5. d4 Nf6 6. Bxf4 Bd6 7. Bxd6 Qxd6
8. Nc3 O-O 9. Be2 Nc6 10. Qd2 Bf5 11. O-O Ne4 12. Nxe4 Bxe4 1/2-1/2

[Event "Spring Swiss"]
[Site "Winnipeg CAN"]
[Date "2002.03.24"]
[Round "4.2"]
[White "Harding, Mike"]
[Black "Federkevic, Danny"]
[Result "0-1"]
[WhiteElo "1833"]
[BlackElo "1986"]
[PlyCount "76"]
[EventDate "2002.03.22"]
[EventType "swiss"]
[EventRounds "5"]
[EventCountry "CAN"]

1. e4 e5 2. Nf3 Nc6 3. Bb5 a6 4. Ba4 Nf6 5. O-O Be7 6. Re1 b5 7. Bb3 d6 8. c3
O-O 9. h3 Na5 10. Bc2 c5 11. d4 cxd4 12. cxd4 Qc7 13. Nbd2 Nc6 14. Nf1 Re8 15.
Ne3 Bf8 16. a4 Bd7 17. Bb1 Rac8 18. axb5 axb5 19. d5 Ne7 20. Bd2 Ng6 21. Bd3
Nf4 22. Ba5 Qb7 23. Bb4 g6 24. Kh2 Ra8 25. Qb3 Ra4 26. Bc2 Rea8 27. Ra3 Qc8 28.
Ng1 Ne8 29. Rxa4 bxa4 30. Qc3 Qd8 31. g3 Nh5 32. Ne2 Bh6 33. Nc4 Rc8 34. b3
axb3 35. Qxb3 Bb5 36. Bd3 Rb8 37. Nb2 Qb6 38. Kg2 Bd7 0-1

[Event "Spring Swiss"]
[Site "Winnipeg CAN"]
[Date "2002.03.24"]
[Round "4.3"]
[White "Katona, John"]
[Black "Mu, Yuchen"]
[Result "1/2-1/2"]
[WhiteElo "1749"]
[BlackElo "1782"]
[PlyCount "73"]
[EventDate "2002.03.22"]
[EventType "swiss"]
[EventRounds "5"]
[EventCountry "CAN"]

1. e4 c5 2. c3 d5 3. exd5 Qxd5 4. d4 Nc6 5. Nf3 cxd4 6. cxd4 Bg4 7. Nc3 Bxf3 8.
gxf3 Qxd4 9. Qxd4 Nxd4 10. Nb5 Nc2+ 11. Kd1 Nxa1 12. Nc7+ Kd8 13. Nxa8 e5 14.
Be3 b6 15. Ba6 Bd6 16. Kc1 Nb3+ 17. axb3 Ne7 18. Rd1 Nf5 19. Bb7 Ke7 20. Kb1
Rb8 21. Be4 g6 22. Rc1 Kd8 23. Bg5+ Kd7 24. Be3 Ne7 25. Bg5 Nf5 26. Be3 f6 27.
Bc6+ Kd8 28. b4 Ne7 29. Rd1 Nf5 30. f4 Rc8 31. b5 Ke7 32. fxe5 fxe5 33. Bg5+
Ke6 34. Bd5+ Kd7 35. Bc6+ Ke6 36. Bd5+ Kd7 37. Bc6+ 1/2-1/2

[Event "Spring Swiss"]
[Site "Winnipeg CAN"]
[Date "2002.03.24"]
[Round "4.4"]
[White "Czarny, Keith"]
[Black "Strub, Michael"]
[Result "1/2-1/2"]
[WhiteElo "1734"]
[BlackElo "1747"]
[PlyCount "109"]
[EventDate "2002.03.22"]
[EventType "swiss"]
[EventRounds "5"]
[EventCountry "CAN"]

1. Nf3 Nf6 2. g3 g6 3. Bg2 Bg7 4. O-O O-O 5. d4 d6 6. c4 c5 7. dxc5 dxc5 8.
Qxd8 Rxd8 9. Nc3 Ne8 10. Be3 Bxc3 11. bxc3 Na6 12. Rad1 Rxd1 13. Rxd1 Nd6 14.
Ne5 Rb8 15. Nd3 b6 16. Ne5 Bb7 17. Bf4 Bxg2 18. Kxg2 Rb7 19. Ng4 Rd7 20. e4 Nb8
21. Rd5 h5 22. Bxd6 Rxd6 23. Nf6+ Rxf6 24. Rd8+ Kg7 25. Rxb8 Re6 26. Kf3 Kf6
27. Ke3 a5 28. f4 Rd6 29. h3 Ke6 30. g4 hxg4 31. hxg4 Kd7 32. Rb7+ Ke6 33. Rb8
Kd7 34. Rf8 Ke6 35. a4 Rd7 36. f5+ gxf5 37. gxf5+ Kf6 38. Kf4 Rd3 39. Rg8 e5+
40. fxe6 fxe6 41. e5+ Kf7 42. Rg3 Rd1 43. Rh3 Ra1 44. Rh7+ Ke8 45. Rb7 Rxa4 46.
Kg5 Rxc4 47. Kf6 Rxc3 48. Kxe6 Kf8 49. Rxb6 a4 50. Kd5 a3 51. Ra6 Kg7 52. e6
Kf6 53. Ra7 c4 54. e7 Kf7 55. Kd4 1/2-1/2

[Event "Spring Swiss"]
[Site "Winnipeg CAN"]
[Date "2002.03.24"]
[Round "4.5"]
[White "Pottinger, Carl"]
[Black "Proulx, Roy"]
[Result "1/2-1/2"]
[WhiteElo "1513"]
[BlackElo "1718"]
[PlyCount "67"]
[EventDate "2002.03.22"]
[EventType "swiss"]
[EventRounds "5"]
[EventCountry "CAN"]

1. e4 e6 2. Qe2 c5 3. Nf3 Nc6 4. d4 cxd4 5. g3 e5 6. Bg2 Nf6 7. Bg5 Be7 8. Bxf6
Bxf6 9. O-O O-O 10. Rd1 Qb6 11. c3 dxc3 12. Nxc3 Nd4 13. Nxd4 exd4 14. Nd5 Qd8
15. Nxf6+ Qxf6 16. Rd2 Re8 17. Qd3 a5 18. Qxd4 Qxd4 19. Rxd4 Ra6 20. Rad1 Rae6
21. f3 Rh6 22. Rd5 b6 23. Bf1 Kf8 24. Bb5 Rf6 25. Kg2 h6 26. Bxd7 Bxd7 27. Rxd7
Rfe6 28. R7d5 Rc6 29. R5d2 Rec8 30. a3 R8c7 31. Rd4 Ke7 32. g4 g5 33. Kg3 Rf6
34. Rf1 1/2-1/2

[Event "Spring Swiss"]
[Site "Winnipeg CAN"]
[Date "2002.03.24"]
[Round "4.6"]
[White "Wasney, Mark"]
[Black "Verch, Graham"]
[Result "0-1"]
[WhiteElo "1716"]
[BlackElo "1367"]
[PlyCount "70"]
[EventDate "2002.03.22"]
[EventType "swiss"]
[EventRounds "5"]
[EventCountry "CAN"]

1. e4 e5 2. Nf3 Nc6 3. Bc4 Bc5 4. O-O Nf6 5. c3 Nxe4 6. d4 exd4 7. cxd4 Bb6 8.
d5 Ne7 9. Qe2 Nd6 10. Bb3 O-O 11. Bg5 Re8 12. Qd3 Kh8 13. Bc2 g6 14. Bf6+ Kg8
15. Re1 Ndf5 16. Nc3 d6 17. Re2 Qd7 18. Rae1 Kf8 19. Qd2 h5 20. h3 Ba5 21. g4
Bxc3 22. bxc3 hxg4 23. hxg4 Ng7 24. Rxe7 Qxg4+ 25. Kh2 Qh3+ 26. Kg1 Qg4+ 27.
Kf1 Qxf3 28. Bxg7+ Kxg7 29. Qd4+ Kh7 30. Qh4+ Kg7 31. Qg3 Qxg3 32. fxg3 Rxe7
33. Rxe7 c5 34. Re8 Bh3+ 35. Kf2 Rxe8 0-1

[Event "Spring Swiss"]
[Site "Winnipeg CAN"]
[Date "2002.03.24"]
[Round "4.7"]
[White "Gibbons, Lorne"]
[Black "Remillard, John"]
[Result "0-1"]
[WhiteElo "1265"]
[BlackElo "1528"]
[PlyCount "68"]
[EventDate "2002.03.22"]
[EventType "swiss"]
[EventRounds "5"]
[EventCountry "CAN"]

1. d4 d5 2. c4 dxc4 3. Nc3 e6 4. e4 c6 5. Bxc4 b5 6. Bb3 Bb4 7. Nge2 Ne7 8. a3
Ba5 9. O-O O-O 10. Bf4 Bc7 11. Qd3 Ba6 12. Qg3 Bxf4 13. Qxf4 Qb6 14. Qd6 Ng6
15. Rfd1 Rd8 16. Qb4 Nd7 17. Kh1 Bb7 18. f3 a5 19. Qd6 Nde5 20. Qc5 Qxc5 21.
dxc5 Nd3 22. Kg1 Nxb2 23. Rxd8+ Rxd8 24. Nd1 Nxd1 25. Rxd1 Rxd1+ 26. Bxd1 Ne5
27. Bc2 Nd7 28. a4 b4 29. Nd4 Nxc5 30. g4 e5 31. Nf5 b3 32. Bb1 Nxa4 33. Nd6
Ba6 34. Nf5 Nc3 0-1

[Event "Spring Swiss"]
[Site "Winnipeg CAN"]
[Date "2002.03.24"]
[Round "4.8"]
[White "Curtis, Rory"]
[Black "Gannon, Keith"]
[Result "0-1"]
[WhiteElo "1695"]
[BlackElo "1549"]
[PlyCount "65"]
[EventDate "2002.03.22"]
[EventType "swiss"]
[EventRounds "5"]
[EventCountry "CAN"]

1. e4 e5 2. d4 exd4 3. c3 dxc3 4. Nxc3 d6 5. Bc4 Nf6 6. Bg5 Be7 7. Nge2 O-O 8.
h4 c6 9. Nf4 Re8 10. O-O Nbd7 11. Re1 Ne5 12. Bb3 Nfd7 13. Nce2 Nc5 14. Ng3
Nxb3 15. Qxb3 Bxg5 16. hxg5 Qxg5 17. Nh3 Bxh3 18. gxh3 h5 19. f4 Qxf4 20. Rf1
Qg5 21. Rf5 Qe7 22. Raf1 d5 23. exd5 Qc5+ 24. Kh2 Qxd5 25. Qxb7 Qd7 26. Qb3
Rab8 27. Qc3 f6 28. Nxh5 Qd3 29. Nxf6+ gxf6 30. Rg1+ Kf7 31. Qxd3 Nxd3 32. Rgf1
Rxb2+ 33. Kg3 0-1

[Event "Spring Swiss"]
[Site "Winnipeg CAN"]
[Date "2002.03.24"]
[Round "4.9"]
[White "Trueman, Francis"]
[Black "Rutter, Blair"]
[Result "1-0"]
[WhiteElo "1457"]
[BlackElo "1598"]
[PlyCount "67"]
[EventDate "2002.03.22"]
[EventType "swiss"]
[EventRounds "5"]
[EventCountry "CAN"]

1. Nf3 d5 2. d3 c5 3. g3 Nc6 4. c3 e5 5. Bg2 Nf6 6. O-O Bd6 7. Nbd2 O-O 8. e4
d4 9. c4 a5 10. h4 Bg4 11. Qb3 Qc8 12. Re1 Nb4 13. Nf1 b5 14. a3 bxc4 15. dxc4
Nc6 16. Bg5 a4 17. Qd3 Qe6 18. N1h2 h5 19. Nd2 Nh7 20. Ndf3 Na5 21. Rac1 Rab8
22. Rc2 Rb3 23. Qf1 Rfb8 24. Bd2 Nc6 25. Bc1 Bc7 26. Nd2 R8b7 27. f3 d3 28. Rc3
f6 29. fxg4 hxg4 30. Qf5 Qxf5 31. exf5 R7b6 32. Nxg4 Nd4 33. Re3 Ne2+ 34. Kh2
1-0

[Event "Spring Swiss"]
[Site "Winnipeg CAN"]
[Date "2002.03.24"]
[Round "5.1"]
[White "Kaptsan, Aron"]
[Black "Federkevic, Danny"]
[Result "1/2-1/2"]
[WhiteElo "2134"]
[BlackElo "1986"]
[PlyCount "42"]
[EventDate "2002.03.22"]
[EventType "swiss"]
[EventRounds "5"]
[EventCountry "CAN"]

1. d4 Nf6 2. c4 g6 3. Nc3 Bg7 4. e4 d6 5. Be2 O-O 6. Nf3 e5 7. O-O Nc6 8. d5
Ne7 9. Ne1 Ne8 10. Be3 f5 11. f3 f4 12. Bf2 g5 13. Nd3 h5 14. Rc1 Rf7 15. c5
Bf8 16. Kh1 Rg7 17. cxd6 cxd6 18. g3 Ng6 19. gxf4 gxf4 20. Rg1 Be7 21. Qa4 Bh3
1/2-1/2

[Event "Spring Swiss"]
[Site "Winnipeg CAN"]
[Date "2002.03.24"]
[Round "5.2"]
[White "Katona, John"]
[Black "Khedkar, Jay"]
[Result "1-0"]
[WhiteElo "1749"]
[BlackElo "2021"]
[PlyCount "129"]
[EventDate "2002.03.22"]
[EventType "swiss"]
[EventRounds "5"]
[EventCountry "CAN"]

1. e4 c5 2. c3 d5 3. exd5 Qxd5 4. d4 Nf6 5. Nf3 Nc6 6. Be2 cxd4 7. cxd4 e6 8.
O-O Be7 9. Nc3 Qd8 10. Bb5 O-O 11. Bxc6 bxc6 12. Ne5 Bb7 13. Bg5 Nd5 14. Bxe7
Qxe7 15. Nxd5 cxd5 16. Rc1 f6 17. Nf3 Rac8 18. Qe2 Qd6 19. Rfe1 Rfe8 20. Qb5
Ba6 21. Qa4 Kf7 22. Rc3 Rxc3 23. bxc3 Rc8 24. Re3 Rc4 25. Qc2 Qa3 26. Qxh7 Qc1+
27. Ne1 Rxc3 28. Qh5+ Ke7 29. Qf3 Rd3 30. Qg3 Rxe3 31. Qxe3 Qd1 32. Qc3 Bc4 33.
h3 Qe2 34. Qa5 Qf1+ 35. Kh2 Qxf2 36. Qxa7+ Kf8 37. Nf3 Bf1 38. Qb8+ Kf7 39.
Qc7+ Kg8 40. Qb8+ Kh7 41. Qg3 Qxa2 42. Nh4 Qc2 43. Qf3 Qe2 44. Qxe2 Bxe2 45. g4
g5 46. Ng2 Kg6 47. Ne3 Bf3 48. Kg3 Be4 49. h4 f5 50. gxf5+ exf5 51. hxg5 Kxg5
52. Nd1 f4+ 53. Kf2 Kg4 54. Nc3 Kf5 55. Ne2 Kg4 56. Nc3 Kg5 57. Ne2 Kf5 58. Nc3
Ke6 59. Ne2 f3 60. Ng1 Kd6 61. Nxf3 Bxf3 62. Kxf3 Kc6 63. Kf4 Kb5 64. Kf5 Kb4
65. Ke6 1-0

[Event "Spring Swiss"]
[Site "Winnipeg CAN"]
[Date "2002.03.24"]
[Round "5.3"]
[White "Mu, Yuchen"]
[Black "Czarny, Keith"]
[Result "1-0"]
[WhiteElo "1782"]
[BlackElo "1734"]
[PlyCount "105"]
[EventDate "2002.03.22"]
[EventType "swiss"]
[EventRounds "5"]
[EventCountry "CAN"]

1. e4 e6 2. d4 d5 3. Nc3 Nc6 4. Bb5 Bd7 5. Nf3 Bb4 6. exd5 exd5 7. Bd2 Nf6 8.
O-O O-O 9. a3 Bxc3 10. Bxc3 Ne4 11. h3 Re8 12. Bd2 Re7 13. Bf4 a6 14. Bxc6 Bxc6
15. Ne5 Bb5 16. Re1 Re6 17. a4 Bd7 18. Nxd7 Qxd7 19. f3 Nd6 20. Rxe6 Qxe6 21.
Bxd6 Qxd6 22. Qe2 Qe6 23. Qxe6 fxe6 24. Kf2 Rf8 25. Re1 Kf7 26. f4 Ke7 27. Kf3
g5 28. g3 gxf4 29. gxf4 Rf5 30. Rg1 Rf7 31. Rg8 Rf8 32. Rxf8 Kxf8 33. f5 Kf7
34. Kf4 h6 35. Ke5 exf5 36. Kxf5 c6 37. a5 c5 38. dxc5 d4 39. h4 Kg7 40. h5 Kf7
41. Ke5 Ke7 42. b4 Kf7 43. Kf5 Ke7 44. Kg6 Ke6 45. Kxh6 Kf6 46. Kh7 Kf7 47. h6
Kf8 48. Kg6 Kg8 49. h7+ Kh8 50. Kh6 d3 51. cxd3 b6 52. axb6 a5 53. b7 1-0

[Event "Spring Swiss"]
[Site "Winnipeg CAN"]
[Date "2002.03.24"]
[Round "5.4"]
[White "Verch, Graham"]
[Black "Shome, Devarshi"]
[Result "0-1"]
[WhiteElo "1367"]
[BlackElo "1336"]
[PlyCount "48"]
[EventDate "2002.03.22"]
[EventType "swiss"]
[EventRounds "5"]
[EventCountry "CAN"]

1. e4 e6 2. d4 d5 3. Nc3 Nf6 4. e5 Nfd7 5. Nce2 c5 6. c3 Nc6 7. f4 Qb6 8. Nf3
f6 9. Ng3 cxd4 10. cxd4 fxe5 11. a3 exd4 12. Bd3 Bd6 13. O-O O-O 14. Ng5 Nf6
15. Nh5 Ne4 16. Nxe4 dxe4 17. Qg4 Rf7 18. Bxe4 e5 19. Bd5 Bxg4 20. Bxf7+ Kh8
21. fxe5 d3+ 22. Kh1 Nxe5 23. b4 Nxf7 24. Rxf7 Bxh5 0-1

[Event "Spring Swiss"]
[Site "Winnipeg CAN"]
[Date "2002.03.24"]
[Round "5.5"]
[White "Remillard, John"]
[Black "Harding, Mike"]
[Result "0-1"]
[WhiteElo "1528"]
[BlackElo "1833"]
[PlyCount "52"]
[EventDate "2002.03.22"]
[EventType "swiss"]
[EventRounds "5"]
[EventCountry "CAN"]

1. e4 c5 2. Nf3 d6 3. d4 cxd4 4. Bb5+ Bd7 5. Nxd4 Nf6 6. Qe2 a6 7. Bxd7+ Qxd7
8. e5 dxe5 9. Qxe5 Nc6 10. Nxc6 Qxc6 11. O-O Rd8 12. Nc3 e6 13. Qe2 Bb4 14. Nd1
h6 15. Ne3 O-O 16. a3 Be7 17. Ng4 Nxg4 18. Qxg4 e5 19. Qe2 Rd5 20. Be3 Rfd8 21.
Rfd1 Qd6 22. Rxd5 Qxd5 23. c4 Qd3 24. Qxd3 Rxd3 25. b4 e4 26. c5 Bf6 0-1

[Event "Spring Swiss"]
[Site "Winnipeg CAN"]
[Date "2002.03.24"]
[Round "5.6"]
[White "Strub, Michael"]
[Black "Wasney, Mark"]
[Result "1-0"]
[WhiteElo "1747"]
[BlackElo "1716"]
[PlyCount "75"]
[EventDate "2002.03.22"]
[EventType "swiss"]
[EventRounds "5"]
[EventCountry "CAN"]

1. d4 Nf6 2. c4 e6 3. Nf3 c5 4. d5 exd5 5. cxd5 d6 6. Nc3 g6 7. e4 Bg7 8. Be2
O-O 9. Qc2 a6 10. a4 Bg4 11. h3 Bxf3 12. Bxf3 Re8 13. O-O Qe7 14. Bf4 Nbd7 15.
Rfb1 Rab8 16. b4 cxb4 17. Rxb4 Nc5 18. Rc1 Rbc8 19. Rc4 Nfd7 20. Bg4 h5 21.
Bxd7 Qxd7 22. f3 Qe7 23. Ne2 b6 24. a5 bxa5 25. Bxd6 Qxd6 26. Rxc5 Qb6 27. Kf1
Rb8 28. Rc6 Qb5 29. Qc4 Red8 30. Rxa6 Qb2 31. Rxa5 g5 32. Ra7 Rd6 33. Qc7 Rf6
34. d6 g4 35. d7 Rxf3+ 36. gxf3 gxf3 37. Qxb8+ Qxb8 38. Rc8+ 1-0